[Event "Chess.com Global Championship 2022 - Fi"]
[Site "Chess.com"]
[Date "2022.11.06"]
[Round "3"]
[White "So, Wesley"]
[Black "Nihal, Sarin"]
[Result "1-0"]
[WhiteElo "2760"]
[BlackElo "2670"]
[EventDate "2022.??.??"]
[Annotator "rafael"]
[PlyCount "67"]
[Beauty "8111318119434"]
[EventType "team-tourn"]
[TimeControl "900+2"]

1.e4 e5 2.Nf3 Nf6 3.Nxe5 d6 4.Nf3 Nxe4 5.d4 d5 6.Bd3 Bf5 {This is a popular variation of the Petroff these days, being a specialty of super GM Duda, who played it in the candidates tournament. GM So also knows this line well, having scored an important victory with black against Niemann in the Sinquefield Cup with it.} 7.O-O Be7 8.Re1 O-O 9.Nbd2 Nd6 10.Nf1 c6 11.Bf4 ( 11.Ng3 Bxd3 12.Qxd3 Na6 {this was played in Firouzja - Duda, Candidates Tournament 2022.} ) 11...Bxd3 12.Qxd3 Na6 13.Ne3 ( 13.Re2 Nc7 14.Rae1 Ne6 15.Bxd6 Bxd6 16.g3 Qd7 17.Ne3 Rae8 {with a slight plus for White in Anand - Caruana, Warsaw (rapid) 2022.} ) 13...Nc7 {Black's position is very solid but also quite passive. There are no weaknesses, but White's pieces are better developed, and it's easier for the first player to double rooks on the open e-file. Of course, at the elite level, players usually manage to defend this type of position, but for us mere mortals I think there are opening choices that lead to less suffering.} 14.b3 $5 {The plan with c2-c4 is typical and poses some problems for Black.} 14...Ne6 15.Be5 f6 {A new move.} ( 15...Ne4 {This move looks better and was played by So himself recently. Naturally he has his own ideas about it and some improvement on White's play.} 16.c4 Nf6 ( 16...Bb4 $5 ) 17.Rad1 g6 {Niemann - So, Sinquefield Cup 2022.} ) 16.Bg3 ( 16.Bxd6 {leads to forcing play. White has just a tiny edge after} 16...Bxd6 17.Nxd5 Bxh2+ 18.Kxh2 Qxd5 19.Re4 Rae8 20.Rae1 Nc7 ) 16...Nc7 ( 16...Ne4 {is a more natural move. Play might continue:} 17.c4 Nxg3 18.hxg3 Nc7 19.Nf5 Re8 {and Black has good chances of equalizing.} ) 17.c4 Qd7 18.Re2 {Another typical plan in this position.} 18...Rfe8 19.Rae1 Bf8 20.h4 $5 {An interesting idea. So wants to take the pawn to h5, gaining space, and then head the knight to f5 with Nh4. This pawn on h5 will be critical to White's victory, as we will see later.} 20...Rad8 ( 20...Qf7 {doesn't change much, since Black cannot capture the pawn after 21.h5.} 21.h5 Qxh5 $2 22.c5 Ndb5 23.a4 {and White wins material.} ) 21.h5 Qf7 22.a4 $1 {A subtle move that surprised me during the broadcast. White wants to remove the b5-square from the d6-knight, making the c4-c5 push more dangerous in some lines.} ( 22.Nh4 {This variation illustrates the idea of 22.a4.} 22...dxc4 $1 23.bxc4 Qxh5 24.c5 Ndb5 ) 22...a6 $6 {While White's a-pawn advance has a clear idea, it is not so simple to understand the merits of Black's move. It's more useful to protect the c7-knight, and for this reason I like 22...Rd7.} ( 22...Rd7 $1 ) ( 22...Ne4 $2 {It's useful to mention that this move loses a pawn for no compensation after} 23.Bxc7 Qxc7 24.cxd5 cxd5 25.Nxd5 Rxd5 26.Rxe4 ) 23.Nh4 dxc4 $2 {It's not a good idea to release the central tension, as the white pawns are too menacing.} ( 23...Ne4 $1 {is the right move and gives Black drawing chances after some simplifications.} 24.Bxc7 Qxc7 25.cxd5 cxd5 26.h6 $1 ( 26.Nxd5 {The immediate capture is less accurate.} 26...Rxd5 27.Rxe4 Rxe4 28.Qxe4 Qd7 {with good play for Black since both d4 and h5 are hanging.} ) 26...g6 27.Nxd5 Rxd5 28.Rxe4 Rxe4 29.Qxe4 Qf7 30.Qf4 Rd6 $1 {Black has good chances since the position has simplified, his pieces have more freedom, and the h6-pawn is weak. There is enough compensation for the pawn.} ) ( 23...Qxh5 $2 24.c5 {wins a piece.} ) 24.bxc4 Ne6 ( 24...c5 {Is an idea to block White's c-pawn, but the problems are far from over after} 25.d5 Qxh5 26.Nhf5 ) 25.c5 Nc8 {After this move, Black is lost, and So conducts the attack with machine-like precision. Black had two bold moves to complicate the game, although no one can blame the young Indian prodigy for not choosing them.} ( 25...Nb5 26.Nef5 $1 ( 26.axb5 Nxd4 {White is still able to gain an advantage after some precise moves.} 27.Bd6 $1 Bxd6 28.cxd6 Rxd6 29.Rd2 Nf3+ 30.Nxf3 Rxd3 31.Rxd3 axb5 32.h6 g6 33.Red1 {With a strong attack in this unbalanced position.} ) 26...Nbxd4 27.Nxd4 Nxc5 ( 27...Rxd4 28.Qxd4 Nxd4 29.Rxe8 {and White wins.} ) 28.Qf3 {White is much better.} ) ( 25...Ne4 $1 {is the best practical chance, although White has a clear advantage after} 26.Qxe4 Nxd4 27.Qg4 $1 Nxe2+ 28.Rxe2 Bxc5 29.Nef5 Kf8 30.Rxe8+ Rxe8 31.Nd6 ) 26.Nef5 $1 Nxc5 27.Qf3 {A strong double-pawn sacrifice. A queen and two knights are enough to mate Black's poor king.} 27...Rxe2 28.Qxe2 Nxa4 29.Qg4 $1 {Threatening 30.Nh6+.} 29...Qd7 ( 29...Kh8 30.Ng6+ $1 ) 30.Ng6 $1 {A delightful move.} 30...hxg6 31.hxg6 Ne7 32.Rxe7 $1 {The final detail.} 32...Qxe7 ( 32...Bxe7 33.Qh3 $1 Qe6 34.Nxe7+ Qxe7 35.Qh7+ Kf8 36.Qh8# ) 33.Nxe7+ Bxe7 34.Qe6+ 1-0

[Event "Chess.com Global Championship 2022 - Fi"]
[Site "Chess.com"]
[Date "2022.11.07"]
[Round "3"]
[White "Nihal, Sarin"]
[Black "So, Wesley"]
[Result "0-1"]
[WhiteElo "2670"]
[BlackElo "2760"]
[EventDate "2022.??.??"]
[Annotator "rafael"]
[PlyCount "86"]
[Beauty "7422932422665"]
[EventType "team-tourn"]
[TimeControl "900+2"]

1.d4 Nf6 2.c4 e6 3.Bf4 {Nihal repeats the same variation that gave him an important win in his match against Giri in the semifinals.} 3...d5 4.cxd5 Nxd5 5.Bg3 c5 6.e4 Nf6 7.Nd2 Qxd4 {So is prepared and plays this critical move. In my analysis of Sarin vs. Giri, I wondered why nobody had ever tried this.} ( 7...cxd4 {was the move chosen by Giri in the aforementioned game.} ) 8.Ngf3 Qd8 9.e5 Nd5 {Where does White's compensation come from $2 Mainly in the space advantage granted by the pawn structure and in the possibility of an attack on the kingside. If the attack works, then the pawn won't be missed. But So is one of the best defenders in the world (if not the best).} 10.a3 {White could develop the bishop on d3 immediately, without worrying about the knight jump to b4. Honestly, it won't make that much of a difference, as a3 will come in handy sooner or later.} ( 10.Bd3 ) 10...Be7 11.Bd3 Bd7 $1 {Castling before White would be dangerous because of the possibility of an attack with h2-h4. So plays a useful move and waits for White to castle.} ( 11...O-O $6 12.h4 $1 {Now there are ideas related to Bxh7 followed by Ng5 and the h1-rook comes to play.} ) 12.Qe2 a6 $1 {I really like this move. The main idea is to play Bb5 at some point, even if it's giving the pawn back. With that, Black avoids a mating attack because, without the d3-bishop, it doesn't exist. Perhaps White, recovering the pawn, will achieve equality, but let's remember that So needed only two more draws to decide the match. For him, the most important thing was to play solid chess.} 13.O-O O-O ( 13...Bb5 {immediately was also possible.} 14.Bxb5+ axb5 15.Qxb5+ Qd7 16.Qe2 O-O {with a roughly equal position.} ) 14.Rad1 Bb5 $1 15.Nc4 {Risky, but the best chance to fight for a win. In case of} ( 15.Bxb5 axb5 16.Qxb5 {Black can force the exchange of queens with} 16...Qb6 $1 ) 15...Nc6 ( 15...Nd7 $1 {is more accurate since the knight is going to b6.} 16.h4 Bxc4 $1 17.Bxc4 N7b6 18.Bd3 c4 $1 19.Bxc4 ( 19.Bb1 c3 {with a clear advantage.} ) 19...Nxc4 20.Qxc4 Rc8 {The triumph of Black's strategy: Giving the pawn back and playing a game with a clear positional advantage (thanks to the knight on d5) and without risks.} ) 16.h4 Na5 17.Qe4 g6 18.Ne3 $2 ( 18.Nd6 $1 {Is the only way to fight for compensation.} 18...c4 $5 ( 18...Bxd3 19.Rxd3 c4 20.Rxd5 $1 {It is better to sacrifice than to accept the material.} ( 20.Nxc4 Nxc4 21.Qxc4 Rc8 {and Black has a comfortable advantage.} ) 20...exd5 21.Qxd5 {with an unclear position, but White has compensation for the exchange.} ) 19.Bb1 $1 ( 19.Nxc4 Bxc4 20.Bxc4 Nxc4 21.Qxc4 Rc8 $15 ) 19...c3 20.Rfe1 cxb2 21.h5 Nc3 22.Qg4 Nxd1 23.hxg6 hxg6 {It seems that White has nothing more than a draw.} 24.Bxg6 fxg6 25.Qxg6+ Kh8 26.Qh6+ {with a perpetual check.} ) 18...Nxe3 19.Qxe3 ( 19.fxe3 {Doesn't help since Black can force the exchange of queens after} 19...Qd5 $1 {The endgame after} 20.Qxd5 exd5 21.Bxb5 axb5 22.Rxd5 Rfd8 {is close to winning because of the better pawn structure.} ) 19...Qc7 {Black is now a clean pawn since White cannot create dangerous threats in the kingside. So plays the remainder of the game with admirable precision.} 20.Nd2 {Trying to bring the knight to e4 and then f6, but So keeps a cool head.} 20...Bxd3 21.Qxd3 Rfd8 22.Qe3 Nc6 $1 23.Ne4 Nd4 $1 {The knight heads to f5.} 24.Nf6+ Kg7 25.Bf4 Nf5 26.Qh3 Kh8 {Black has other good options, but the move played is more than enough. Now 27...Bxf6 is threatened.} ( 26...Rxd1 27.Rxd1 Rd8 ) ( 26...h5 ) 27.Ne4 Rxd1 28.Rxd1 Rd8 29.Nd6 ( 29.Rd6 $1 {The computer gives this flashy move as the only chance, but I doubt it would have changed the final result.} ) 29...Kg8 $1 30.h5 g5 $1 {Now the game is over. The d6-knight can be captured, and Black can even play h7-h6 if he wants to close the kingside. Nihal decides to sacrifice a piece in desperation.} 31.h6 gxf4 32.Qg4+ Kf8 33.Nxf5 Rxd1+ 34.Qxd1 exf5 {Since a loss in this game means the match is over, White decides to play a few more moves.} 35.Qd3 Qxe5 36.Qd7 Qd6 37.Qc8+ Bd8 38.Qxf5 Qxh6 39.Qxc5+ Kg7 40.Qd5 Qb6 41.b4 h6 42.Qe5+ Qf6 43.Qd5 b6 {Congratulations to GM Wesley So for yet another achievement in his brilliant career $1} 0-1

[Event "Chess.com Global Championship Finals 20"]
[Site "Chess.com"]
[Date "2022.11.03"]
[Round "1.7"]
[White "Sevian, Samuel"]
[Black "Nihal, Sarin"]
[Result "1/2-1/2"]
[WhiteElo "2684"]
[BlackElo "2673"]
[EventDate "2022.??.??"]
[Annotator "Bojkov,Dejan"]
[PlyCount "75"]
[Beauty "6258904031817"]
[EventType "game"]

1.d4 d5 2.c4 e6 3.Nc3 h6 {A cunning line, played regularly by Carlsen among other top players.} 4.Nf3 Nf6 5.e3 {Sevian decided to keep his dark-squared bishop behind the pawn chain.} ( {White's main idea is to develop his dark-squared bishop more aggressively with} 5.Bf4 Bd6 ( {Although Esipenko's} 5...dxc4 $5 {is also quite interesting.} ) 6.Bg3 O-O 7.e3 c5 8.cxd5 Bxg3 9.hxg3 cxd4 10.Qxd4 exd5 11.Bb5 Nc6 12.Bxc6 bxc6 13.O-O Re8 {as in Radjabov, T (2765)-Carlsen,M (2847) chess24.com 2021} ) 5...Bd6 {Here too, the bishop can be developed more powerfully.} ( {Black can also postpone the development of the bishop and play something more flexible like} 5...Nbd7 6.b3 dxc4 7.Bxc4 a6 8.a4 Bb4 9.Bb2 b6 10.O-O Bb7 11.Qe2 O-O 12.Rfd1 Qe7 13.Rac1 Rfd8 14.h3 c5 15.Na2 Ba5 16.dxc5 bxc5 17.Nc3 Bc7 18.Nb1 {1/2-1/2 (18) Tomashevsky,E (2700)-Artemiev,V (2706) Cheboksary 2022} ) 6.b3 O-O 7.Bb2 b6 8.Bd3 Bb7 9.O-O Nbd7 {In a symmetrical position both players start to prepare for the inevitable central clash. The c7-c5 and e6-e5 breaks are on the agenda and both sides try to anticipate the future.} 10.Rc1 a6 {Nihal prefers to keep his options open and takes away the b5-square from the enemy knight.} ( {The immediate} 10...c5 {was also possible, when White could have fought for a small edge with} 11.Nb5 Bb8 12.cxd5 Nxd5 13.Bb1 a6 14.dxc5 Nxc5 15.Nbd4 ) 11.Rc2 $146 {That is a novelty. The rook move can be used for doubling on either the c- or the d-files. Or maybe even for a kingside attack.} ( {In an earlier game, Giri preferred to connect the rooks at once with} 11.Qe2 Qe7 12.e4 dxe4 13.Nxe4 Ba3 14.Bxa3 Qxa3 15.Rc2 Rad8 16.Rd1 c5 {but the game quickly petered out into a draw, Giri,A (2760)-Erigaisi,A (2689) chess24. com 2022} ) 11...Re8 {Another flexible move.} ( {After} 11...c5 {White could have tried} 12.cxd5 exd5 13.Ne2 ) ( {However} 11...dxc4 $5 12.bxc4 c5 {deserved attention too.} ) 12.cxd5 exd5 13.Ne2 Nf8 {The beginning of a wrong idea.} ( {Nihal would have done better if he had chosen to overprotect the e5-point with} 13...Qe7 14.Ng3 g6 ) 14.Ng3 ( 14.Ne5 $5 {at once looked good too.} ) 14...Ne6 15.Ne5 $1 {Now Sevian builds Pillsbury's favorite QGD attacking set-up which will give him a large advantage.} ( {Or also} 15.Nf5 Bf8 16.Ne5 ) 15...c5 16.f4 {The central attacking ring is build and White can quickly transfer his pieces towards the kingside.} 16...Rc8 17.Nf5 {Dark clouds are gathering around Nihal's king and he cannot afford another inaccuracy any more.} ( {The move} 17.Rcf2 $5 {illustrates that the rook could have been useful for the kingside action too.} ) 17...Bf8 {Now Black is losing at once.} ( {The most resilient defense was} 17...cxd4 18.exd4 Rxc2 19.Bxc2 Bf8 {waiting for a good moment to lock the white light-squared bishop with Nf6-e4 $1} ( {But not the immediate} 19...Ne4 $2 20.Qg4 $1 ) ) 18.Qe1 $1 ( 18.Qf3 $1 {was equally good.} ) 18...cxd4 19.Qg3 {More or less decisive. The mating threats can be stopped only temporarily, with a desperate weakening move.} 19...g5 $1 {Bold, but needed.} ( {For a line like} 19...Rxc2 20.Nxh6+ Kh8 21.Nexf7# {speaks about the quality of White's position.} ) 20.fxg5 Nxg5 ( {After} 20...hxg5 21.Rxc8 Bxc8 22.Nxd4 {White easily crashes through.} ) 21.Bxd4 {White is winning.The black king's residence is completely destroyed. It is only a question of time when the countless white pieces will pay his Majesty one final visit.} ( 21.h4 {is not winning a piece yet, due to} 21...Nh5 22.Qg4 Nf6 ) 21...Rxc2 22.Bxc2 Bc8 {Somehow Nihal finds the strength to keep playing.} 23.Nc6 $1 {Good enough for the full point.} ( {Here} 23.h4 $1 {was already winning simply, as in the line} 23...Nh5 24.Qf2 {the black knight cannot retreat} 24...Ne6 25.Nxh6+ Bxh6 26.Qxf7+ Kh8 27.Ng6# ) 23...Nh5 24.Qh4 Qc7 25.Qxh5 Qxc6 26.h4 Qxc2 ( {Once more the knight cannot move:} 26...Ne6 27.Nxh6+ Bxh6 28.Qxf7# ) 27.hxg5 {And short on time, Sevian misses a small detail and unbelievably, the win $1} ( {The simple} 27.Nxh6+ $1 Bxh6 28.Qxh6 Qh7 29.Qxg5+ Kf8 30.Bxb6 {would have wrapped up the game.} ) 27...Bxf5 28.gxh6 Be6 $1 {Perhaps White missed this retreat $2} ( {Did Sevian expect only the other retreat} 28...Bg6 $2 {with a pretty finish after} 29.h7+ Bxh7 30.Qxf7# ) 29.Qe5 Qh7 $1 {Or did the young American miss this retreat $2} 30.Rf3 Bg4 $1 {After catching his breath, Nihal forces a perpetual.} ( {The machine claims that he was already safe with any move that was opening air for his king, like} 30...Bc5 ) ( 30...Bb4 ) ( 30...Ba3 ) 31.Qxe8 ( {Not} 31.Qg3 $2 f5 ) 31...Bxf3 32.gxf3 Qg6+ {And the white king has nowhere to hide.} 33.Kf2 Qc2+ 34.Kg3 Qg6+ 35.Kf2 Qc2+ 36.Kf1 Qb1+ 37.Kg2 Qg6+ 38.Kf2 1/2-1/2